=LDR 00000nam 2200000 4500 =001 INLIS000000000031713 =005 20201221101503 =035 ##$$a 0010-061300000031713 =008 201221###########################0#ind## =041 ##$$a ind =082 ##$$a 320 =090 ##$$a 320, Pam s =100 ##$$a PAMBUDI A =245 1#$$a Sintong Dan Prabowo dari Kudeta L.B Moerdani sampai Kudeta Prabowo; Pambudi; Penyunting Lucky =260 ##$$a 2009 :$b Yogyakarta =300 ##$$a 204 hlm., 21 cm =650 #4$$a POLITIK =700 #$$a LUKY =850 ##$$a NBPNMAT =990 ##$$a 21195360/BPAP-NTB/2014